Countries by secret rule - Statistics

General Stats
  • This quiz has been taken 44 times
  • The average score is 5 of 10
Answers on the Grid
Answers color-coded by a green-red scale on the quiz's grid according to % correct below.
South Africa
United States
Turkey
China
Italy
Australia
Brazil
Nigeria
Canada
Pakistan
France
Egypt
Russia
India
Japan
Indonesia
Vatican City
Argentina
Iraq
DR Congo
 
Answer Stats
Answer % Correct
United States
82%
Canada
67%
Australia
59%
Brazil
56%
China
56%
Italy
54%
South Africa
46%
Nigeria
44%
Pakistan
41%
Turkey
31%
No matching quizzes found
Score Distribution
Percent of People with Each Score
Percentile by Number Answered
Your Score History
You have not taken this quiz